Murder at a vineyard mansion #15 : a Martha's ... Read More
Available copies
- 1 of 1 copy available at LARL/NWRL Consortium. (Show)
- 1 of 1 copy available at Northwest Regional Library.
Current holds
0 current holds with 1 total copy.
View other formats and editions
Show Only Available Copies
| Location | Call Number / Copy Notes | Barcode | Shelving Location | Status | Due Date |
|---|---|---|---|---|---|
| Roseau Public Library | CRA (Text) | 35500003540935 | Main | Available | - |
Record details
- ISBN: 0743246764
- Physical Description: 256 p. : map ; 22 cm.
- Publisher: New York : Scribner, 2004.
Search for related items by subject
| Subject: | Jackson, Jeff (Fictitious character) > Fiction. Private investigators > Massachusetts > Martha's Vineyard > Fiction. Martha's Vineyard (Mass.) > Fiction. |
| Genre: | Mystery fiction. |
Search for related items by series
| LDR | 01095cam a22002778a 4500 | ||
|---|---|---|---|
| 001 | 41391 | ||
| 003 | LARL_NWRL_CONSORTIUM | ||
| 005 | 20031211081704.0 | ||
| 008 | 031208s2004 nyu 000 1 eng | ||
| 020 | . | ‡a0743246764 | |
| 035 | . | ‡a(OCoLC)53901349 | |
| 082 | 0 | 0. | ‡a813/.54 ‡222 |
| 099 | . | ‡aCRA | |
| 100 | 1 | . | ‡aCraig, Philip R., ‡d1933-2007. ‡0(LARL_NWRL_CONSORTIUM)97143 |
| 245 | 1 | 0. | ‡aMurder at a vineyard mansion ‡n#15 : ‡ba Martha's Vineyard mystery / ‡cPhilip R. Craig. |
| 260 | . | ‡aNew York : ‡bScribner, ‡c2004. | |
| 300 | . | ‡a256 p. : ‡bmap ; ‡c22 cm. | |
| 490 | 0 | . | ‡aMartha's Vineyard ; ‡v15 |
| 650 | 0. | ‡aJackson, Jeff (Fictitious character) ‡vFiction. ‡0(LARL_NWRL_CONSORTIUM)169722 | |
| 650 | 0. | ‡aPrivate investigators ‡zMassachusetts ‡zMartha's Vineyard ‡vFiction. ‡0(LARL_NWRL_CONSORTIUM)174430 | |
| 651 | 0. | ‡aMartha's Vineyard (Mass.) ‡vFiction. ‡0(LARL_NWRL_CONSORTIUM)166140 | |
| 655 | 7. | ‡aMystery fiction. ‡2gsafd | |
| 901 | . | ‡a41391 ‡bOCLC ‡c41391 ‡tbiblio | |

Add to basket
Permalink
Disable Highlighting